[Event "Brasiliense-ch"]
[Site "Brazil"]
[Date "1990.11.??"]
[Round "8"]
[White "Andrade, Waldemiro"]
[Black "Barreto, Deraldo"]
[Result "1-0"]
[WhiteElo "2270"]
[BlackElo "1975"]
[PlyCount "75"]
[EventDate "1990.10.??"]
[EventType "swiss"]
[EventRounds "9"]
[EventCountry "BRA"]
[SourceTitle "EXT 2003"]
[Source "ChessBase"]
[SourceDate "2002.11.25"]
[SourceVersion "1"]
[SourceVersionDate "2002.11.25"]
[SourceQuality "1"]

1. c4 e5 2. Nc3 Nf6 3. Nf3 Nc6 4. d4 exd4 5. Nxd4 Bb4 6. Bg5 h6 7. Bh4 Ne5 8. e3 Ng6 9. Bg3 0-0 10. Bd3 d5 11. Bxg6 Bxc3+ 12. bxc3 fxg6 13. cxd5 Qxd5 14. 0-0 c5 15. Nb5 Qxd1 16. Rfxd1 Bf5 17. f3 a6 18. Nc7 Rac8 19. e4 Bd7 20. e5 Ba4 21. exf6 Bxd1 22. Rxd1 gxf6 23. Rd5 Rfd8 24. c4 Rxd5 25. cxd5 Rd8 26. d6 Kf7 27. a4 h5 28. h4 Rb8 29. Kf2 b5 30. Nxa6 bxa4 31. Nxb8 a3 32. d7 a2 33. d8Q a1Q 34. Qd7+ Kg8 35. Qe8+ Kg7 36. Qe7+ Kg8 37. Bd6 Qd4+ 38. Kg3 1-0

[Event "Brasiliense-ch"]
[Site "Brazil"]
[Date "1990.10.??"]
[Round "6"]
[White "Barreto, Deraldo"]
[Black "Vasconcellos, Fernando"]
[Result "1-0"]
[WhiteElo "1975"]
[BlackElo "2229"]
[PlyCount "79"]
[EventDate "1990.10.??"]
[EventType "swiss"]
[EventRounds "9"]
[EventCountry "BRA"]
[SourceTitle "EXT 2003"]
[Source "ChessBase"]
[SourceDate "2002.11.25"]
[SourceVersion "1"]
[SourceVersionDate "2002.11.25"]
[SourceQuality "1"]

1. e4 g6 2. Bc4 Bg7 3. Nf3 e6 4. Nc3 d6 5. d4 Nd7 6. Bg5 Ne7 7. Qd2 h6 8. Be3 a6 9. a4 b6 10. 0-0 Bb7 11. Rad1 Kf8 12. h3 Kg8 13. Nh2 d5 14. exd5 exd5 15. Bd3 Nf6 16. f3 Bc8 17. Ng4 Nxg4 18. fxg4 Be6 19. Ne2 h5 20. gxh5 Rxh5 21. Nf4 Rh4 22. Nxe6 fxe6 23. c3 Rh5 24. Bg5 Qd7 25. Bxe7 Qxe7 26. Bxg6 Bh6 27. Qe2 Rg5 28. Rf7 Qd6 29. Rf6 Kg7 30. Rxe6 Qg3 31. Rd3 Qf4 32. Rf3 Qc1+ 33. Rf1 Qxf1+ 34. Qxf1 Rxg6 35. Re7+ Kh8 36. Qf7 Rg7 37. Qf6 Kh7 38. Qf5+ Kh8 39. Rxg7 Bxg7 40. Qh5+ 1-0